| 000 | 01318cam a22002653a 4500 | ||
|---|---|---|---|
| 001 | 872 | ||
| 003 | PGUSA | ||
| 005 | 20140828082953.0 | ||
| 008 | 970401s1997||||xxu|||||s|||||000 e eng d | ||
| 040 |
_aPGUSA _beng |
||
| 042 | _adc | ||
| 050 | 4 | _aPR | |
| 100 | 1 |
_aDickens, Charles, _d1812-1870 |
|
| 245 | 1 | 0 |
_aReprinted Pieces _h[electronic resource] / _cCharles Dickens |
| 260 |
_bProject Gutenberg, _c1997 |
||
| 505 | 0 | _aThe long voyage -- The begging-letter writer -- A child's dream of a star -- Our English watering-place -- Our French watering-place -- Bill-sticking -- Births: Mrs. Meek, of a son -- Lying awake -- The ghost of art -- Out of town -- Out of the season -- A poor man's tale of a patent -- The noble savage -- A flight -- The detective police -- Three detective anecdotes: The pair of gloves. The artful touch. The sofa -- On duty with Inspector Field -- Down with the tide -- A walk in a workhouse -- Prince Bull: a fairy tale -- A plated article -- Our honourable friend -- Our school -- Our vestry -- Our bore -- A monument of French folly. | |
| 506 | _aPublic domain in the USA. | ||
| 516 | _aElectronic text | ||
| 653 | _aShort stories | ||
| 653 | _aFiction | ||
| 653 | _aEssays | ||
| 830 | 0 |
_aProject Gutenberg _v872 |
|
| 856 | 4 | 0 | _uhttp://www.gutenberg.org/ebooks/872 |
| 942 | _cEB | ||
| 999 |
_c230223 _d230223 |
||